000 00990caa a2200253 ib4500
003 SA-RiAUC
005 20260420124613.0
008 260419s1976 ku g 000f0 ara c
040 _aSA-JeALM
_bara
_cSA-RiAUC
_erda
082 0 4 _a252.55
090 _a252.55
_bج ب ر
100 1 _aالجبرين، عبدالله بن عبدالرحمن.
_eمؤلف.
245 1 0 _aيوم عرفة وفضله /
_cعبدالله بن عبدالرحمن الجبرين ، صححه واعده للنشر محمد بن حمد المنيع
250 _aالطبعة الاولى.
264 _aالرياض :
_bدار الإفهام.
_c2005
300 _a66 صفحة :
_c16 سم.
336 _aنص
_btxt
_2rdacontent
_3مقالة
337 _aبدون وسيط
_bn
_2rdamedia
650 7 _aالوقوف بعرفة
_xفضائل
_2aucsh
650 _aالحج فضائل
700 _aالمنيع، محمد بن حمد.
_eمصحح.
942 _2ddc
_cBOOK
_n0
949 _aSA-JeALM
_d260419
_uosman123
_n1
999 _c14860
_d14860